Steps to small business start-up : (Record no. 5130)

MARC details
000 -LEADER
fixed length control field 01554cam a22001934a 4500
020 ## - INTERNATIONAL STANDARD BOOK NUMBER
ISBN 1574101323
050 00 - CALL NUMBER
Classification number HD62.5
Item number .P565
100 1# - AUTHOR
Personal name Pinson, Linda.
245 10 - TITLE
Title Steps to small business start-up :
Remainder of title everything you need to know to turn your idea into a successful business /
Statement of responsibility, etc Linda Pinson, Jerry Jinnett.
250 ## - EDITION
Edition statement 4th ed.
260 ## - PUBLICATION INFORMATION
Place of publication Chicago, Ill. :
Name of publisher Dearborn,
Year of publication c2000.
300 ## - DESCRIPTION
Number of Pages ix, 260 p. ;
Dimensions 28 cm.
505 ## - FORMATTED CONTENTS NOTE
Table of Content Chapter 1. Getting started --<br/>Chapter 2. Finding a business --<br/>Chapter 3. Determining business feasibility --<br/>Chapter 4. Choosing a business name --<br/>Chapter 5. Choosing a business location --<br/>Chapter 6. Developing a home-based business --<br/>Chapter 7. Choosing a legal structure --<br/>Chapter 8. Presenting your business --<br/>Chapter 9. Protecting your business --<br/>Chapter 10. Securing a business license --<br/>Chapter 11. Registering a fictitious name (Filing a "DBA") --<br/>Chapter 12. Obtaining a seller's permit --<br/>Chapter 13. Setting up a bank account --<br/>Chapter 14. Selecting your insurance --<br/>Chapter 15. Financing your business --<br/>Chapter 16. Keeping your books --<br/>Chapter 17. Success or failure: it depends on your cash flow --<br/>Chapter 18. Developing a marketing plan --<br/>Chapter 19. Promoting your business --<br/>Chapter 20. Business planning: the key to your success --<br/>Appendix A. Resources for small business.<br/>Appendix B. Worksheet
650 #0 - SUBJECTS
Topical Term New business enterprises
650 #0 - SUBJECTS
Topical Term Small business
650 #0 - SUBJECTS
Topical Term Success in business
700 1# - OTHER AUTHORS
Personal name Jinnett, Jerry.
942 ## - ADDED ENTRY ELEMENTS (KOHA)
Koha item type Books
Holdings
Withdrawn status Lost status Home library Current library Shelving location Date acquired Full call number Accession Number Koha item type Collection code
    Methodist University Library Main Methodist University Library Main General Stacks 07/01/2013 HD62.5 .P565 38197 Books  
    Methodist University Library Main Methodist University Library Main General Stacks 07/01/2013 HD62.5 .P565 36820 Books Reference
Copyright © 2026  MUG Library